Tour de France Femmes 2025: top 3 de chaque étape - Statistiques

Statistiques générales
  • Ce quiz a été pris 91 fois
  • Le résultat moyen est 9 sur 16
Statistiques - réponses
Étape Coureuse % Correct
Étape 1, étape 8, étape 9 Pauline Ferrand-Prevot
99%
Étape 1, étape 3, étape 4 Marianne Vos
93%
Étape 5, étape 9 Demi Vollering
92%
Étape 2, étape 3, étape 4 Lorena Wiebes
82%
Étape 6, étape 7 Maeva Squiban
80%
Étape 1, étape 2, étape 5, étape 6 Kim Le Court
75%
Étape 6 Juliette Labous
68%
Étape 8 Sarah Gigante
67%
Étape 7 Cédrine Kerbaol
55%
Étape 2 Mavi Garcia
54%
Étape 8 Niamh Fisher-Black
34%
Étape 9 Kasia Niewiadoma-Phinney
33%
Étape 5 Anna Van Der Breggen
17%
Étape 3 Ally Wollaston
13%
Étape 7 Ruth Edwards
11%
Étape 4 Lara Gillespie
9%
Aucun quiz correspondant
Distribution des résultats
% des personnes avec chaque résultat
Percentile par nombre de réponses
Votre historique - résultats
Vous n’avez pas pris ce quiz